| 000 | 00518cam a2200193 4500 | ||
|---|---|---|---|
| 001 | ##L134240 | ||
| 008 | 060719s1948 000 0 eng u | ||
| 035 | _a(Sirsi) u134240 | ||
| 041 | 0 | _aeng | |
| 050 | 0 | 4 | _a331.2166 $2 18 |
| 110 | 2 |
_aRoyal Institution of Chartered Surveyors _94900 |
|
| 245 | 0 | 0 | _aSchedule of professional charges |
| 260 |
_aLondon _bRICS _c1948 |
||
| 300 |
_a31p. _c12cm. |
||
| 520 | _aEffective from 1 September 18=948 | ||
| 651 | 4 |
_aUnited Kingdom _y |
|
| 690 | _aABOUT RICS | ||
| 942 | _n0 | ||
| 999 |
_c105613 _d105613 |
||